| 000 | 00565nam a22002177a 4500 | ||
|---|---|---|---|
| 999 |
_c4760 _d4760 |
||
| 003 | OSt | ||
| 005 | 20230207145419.0 | ||
| 008 | 160715b xxu||||| |||| 00| 0 eng d | ||
| 020 | _a9780435987411 | ||
| 040 | _c040a | ||
| 082 | _aWA 95 T186c 2007 | ||
| 100 |
_aTassoni, Penny _97134 |
||
| 245 | _aChild Care and Education | ||
| 250 | _a4th.ed | ||
| 260 |
_aEssex; _bHeinemann, _c2007 |
||
| 300 |
_ax, 431p; _bcol.ill : _c30 cm. |
||
| 504 | _aIncludes index | ||
| 650 |
_aChild education _98841 |
||
| 650 |
_aEarly child development _916444 |
||
| 942 |
_2z _cO_SHELF |
||